[Event "Regionalliga Sued-Ost 1819"]
[Site "Bayern"]
[Date "2018.10.21"]
[Round "1.7"]
[White "Reischl, Markus"]
[Black "Gastinger, Manfred"]
[Result "1-0"]
[WhiteElo "1979"]
[BlackElo "1875"]
[PlyCount "55"]
[EventDate "2018.10.21"]
[EventType "team-tourn"]
[EventRounds "9"]
[EventCountry "GER"]
[SourceTitle "EXT 2022"]
[Source "ChessBase"]
[SourceDate "2021.10.06"]
[SourceVersion "1"]
[SourceVersionDate "2021.10.06"]
[SourceQuality "1"]
[WhiteTeam "Ilmmuenster"]
[BlackTeam "Grafenau"]
[WhiteTeamCountry "GER"]
[BlackTeamCountry "GER"]

1. d4 Nf6 2. c4 g6 3. Nc3 d5 4. cxd5 Nxd5 5. e4 Nxc3 6. bxc3 Bg7 7. Be3 0-0 8. Nf3 c5 9. Qd2 Nc6 10. d5 Qa5 11. Rc1 Rd8 12. Be2 Bg4 13. 0-0 e6 14. Rfd1 f5 15. exf5 exd5 16. fxg6 hxg6 17. Bh6 Bf6 18. Bg5 Be7 19. Bxe7 Nxe7 20. Qg5 Bxf3 21. Bxf3 Qc7 22. Bxd5+ Kg7 23. c4 Rd6 24. Qe5+ Kh7 25. Rc3 Nf5 26. Rh3+ Nh6 27. Qf4 g5 28. Be4+ 1-0

[Event "Niederbayernliga 0607"]
[Site "Germany"]
[Date "2006.??.??"]
[Round "2.6"]
[White "Hackbarth, Christa"]
[Black "Gastinger, Manfred"]
[Result "0-1"]
[WhiteElo "1842"]
[BlackElo "1912"]
[PlyCount "81"]
[EventDate "2006.??.??"]
[EventType "team"]
[EventRounds "9"]
[EventCountry "GER"]
[SourceTitle "EXT 2008"]
[Source "ChessBase"]
[SourceDate "2007.11.25"]
[SourceVersion "1"]
[SourceVersionDate "2007.11.25"]
[SourceQuality "1"]
[WhiteTeam "Simbach"]
[BlackTeam "Grafenau"]
[WhiteTeamCountry "GER"]
[BlackTeamCountry "GER"]

1. d4 Nf6 2. Nf3 g6 3. Bf4 Bg7 4. e3 0-0 5. Be2 b6 6. 0-0 Bb7 7. Nbd2 d6 8. c3 Nbd7 9. h3 e6 10. Qc2 Qe7 11. Bh2 c5 12. Rad1 Rfd8 13. Rfe1 cxd4 14. exd4 a6 15. Bd3 b5 16. Ne4 Bxe4 17. Bxe4 d5 18. Bd3 Rdc8 19. Qb3 Nb6 20. Ne5 Nfd7 21. Nf3 Rc6 22. a3 Rac8 23. Qa2 Nc4 24. Bxc4 bxc4 25. Qb1 Rb6 26. Qc2 Rb7 27. Re2 Rc6 28. Bf4 Rcb6 29. Bc1 Qd6 30. Nd2 Bf6 31. g3 Bd8 32. Nf1 Bf6 33. Be3 Rxb2 34. Qc1 Rxe2 35. Bf4 Qb6 36. Rd2 Rxd2 37. Qxd2 Qb2 38. Qe1 Qxa3 39. Ne3 Qa2 40. Nxd5 Rb1 41. Bc1 0-1

[Event "Niederbayernliga 0607"]
[Site "Germany"]
[Date "2006.??.??"]
[Round "4.6"]
[White "Stutzke, Christian"]
[Black "Gastinger, Manfred"]
[Result "1/2-1/2"]
[WhiteElo "1784"]
[BlackElo "1912"]
[PlyCount "61"]
[EventDate "2006.??.??"]
[EventType "team"]
[EventRounds "9"]
[EventCountry "GER"]
[SourceTitle "EXT 2008"]
[Source "ChessBase"]
[SourceDate "2007.11.25"]
[SourceVersion "1"]
[SourceVersionDate "2007.11.25"]
[SourceQuality "1"]
[WhiteTeam "Vilshofen"]
[BlackTeam "Grafenau"]
[WhiteTeamCountry "GER"]
[BlackTeamCountry "GER"]

1. d4 f5 2. Nf3 Nf6 3. c4 e6 4. g3 b6 5. Bg2 Bb7 6. Nc3 Bb4 7. 0-0 Bxc3 8. bxc3 Qe7 9. a4 d6 10. Ba3 c5 11. a5 bxa5 12. Qa4+ Nbd7 13. dxc5 dxc5 14. Rfd1 0-0 15. Qxa5 e5 16. Qc7 Bxf3 17. exf3 Qe6 18. Bxc5 Nxc5 19. Qxc5 Rfc8 20. Qe3 a5 21. Bf1 a4 22. Ra3 h5 23. Rda1 Qe8 24. Qd3 e4 25. fxe4 fxe4 26. Qc2 e3 27. fxe3 Qxe3+ 28. Qf2 Qe8 29. Re1 Qf8 30. Rea1 Qe8 31. Qc2 1/2-1/2